000 00846nam a2200277 4500
001 4548
010 _a9789720002990
021 _b472641/20
090 _a4548
100 _a20240408d2019 k y0pory50030103ba
200 1 _aCódigo do trabalho
_fcoord. Isabel Rocha, Nuno Gustavo Pimenta
205 _a17ª ed.
210 9 _aPorto
_cPorto Editora
_d2020
215 _a637 p.
225 2 _aLegislação
305 _aInclui código de Processo do Trabalho, regulamentação do código do trabalho e legislação conexa
500 1 1 _aLeis, decretos, etc.
606 _94426
_aDireito
606 _94427
_aLegislação
675 _a349.2(469)(094.4)
_vBN
_zpor
675 _a331(469)(094.4)
_vBN
_zpor
702 _aRocha
_bIsabel
_94428
702 _aPimenta
_bGustavo
_94429
801 0 _aPT
_bBMVN
_gRPC
830 _cTânia Croca
_d08/04/2024
990 _cLIVROS